00000000nas 2200000zi 4500
0019.819467
003CaOODSP
00520250207075339
006m     o  d f      
007cr |||||||||||
008160609c20159999oncar p o    f0   a0eng|d
022 |a2371-4441
040 |aCaOODSP|beng|erda|cCaOODSP
043 |an-cn---|an-cn-on
0861 |aP1-27E-PDF
222 0|aAnnual report ... |b(Public Services and Procurement Canada. Long Term Vision and Plan)
24504|aThe Long Term Vision and Plan : |bannual report.
2463 |aLTVP : |bannual report
264 1|a[Ottawa] : |bPublic Works and Government Services Canada, |c2015-
310 |aAnnual
336 |atext|btxt|2rdacontent
337 |acomputer|bc|2rdamedia
338 |aonline resource|bcr|2rdacarrier
3621 |aBegan with 2014/2015.
500 |aIssued also in French under title: La vision et le plan à long terme : rapport annuel.
550 |aIssued 2016- by Public Services and Procurement Canada.
61020|aParliament Buildings (Ottawa, Ont.)|xConservation and restoration |vPeriodicals.
61020|aParliament Buildings (Ottawa, Ont.) |xManagement |vPeriodicals.
650 0|aPublic buildings|xRemodeling|zOntario|zOttawa|vPeriodicals.
655 7|aPeriodicals|2lcgft
7101 |aCanada. |bPublic Services and Procurement Canada, |eissuing body.
7101 |aCanada. |bPublic Works and Government Services Canada, |eissuing body.
77508|tRapport annuel ...|w(CaOODSP)9.819469